000 00362nam a22001577a 4500
005 20230623124052.0
008 230623b |||||||| |||| 00| 0 eng d
082 _a658.4212
_bHIS-E
100 _aHisrich,Robert.D
245 _aEntrepreneurship
300 _a602
500 _aIndex given
650 _aManagement
700 _aHisrich,Robert.D
999 _c18815
_d18815